Speech and the development of mental processes in the child

Uloženo v:
Podrobná bibliografie
Hlavní autoři: Luria, Aleksander Romanovich (autor), Yudovich, F. Ia (Autor)
Médium: Kniha
Jazyk:angličtina
Vydáno: Londres Penguin Education 1971
Edice:Penguin Papers in Education
Témata:
Tagy: Přidat tag
Žádné tagy, Buďte první, kdo vytvoří štítek k tomuto záznamu!

MARC

LEADER 00000nam a2200000 a 4500
001 UCU1390
003 CL-VaPUC
008 960404e19710000UK |||||||||||||||||eng|d
082 0 4 |a 155.413  |b LUR  |2 21 
100 |a Luria, Aleksander Romanovich  |e autor  |9 549746 
700 0 |a Yudovich, F. Ia  |e author  |9 357037 
245 1 0 |a Speech and the development of mental processes in the child 
300 |a 110 p 
942 |c BK 
945 |d 19960404 00:00:00  |a rleighto 
260 |a Londres  |b Penguin Education  |c 1971 
650 0 |a Psicología del niño  |9 307305 
650 0 |a Procesos mentales superiores  |9 330839 
650 0 |a Desarrollo del lenguaje   |9 311270 
650 0 |a Desarrollo mental   |9 313003 
583 |a last modification  |c 20130106 11:39:59  |k Rodrigo Vera 
490 0 |a Penguin Papers in Education 
999 |c 246035  |d 246033 
952 |0 0  |1 0  |4 0  |6 155_413000000000000_LUR_1971  |7 0  |8 A  |9 260756  |a BIBEDU  |b BIBEDU  |d 2019-11-19  |i 3183815  |o 155.413 LUR 1971  |p 3183815  |r 2019-11-19  |w 2019-11-19  |y BK  |k LIT 
952 |0 0  |1 0  |4 0  |6 155_413000000000000_LUR_1971  |7 0  |8 A  |9 260757  |a FDOPOS  |b FDOPOS  |d 2019-11-19  |i 1471104  |o 155.413 LUR 1971  |p 1471104  |r 2025-01-22  |w 2019-11-19  |y BK  |k MLA